UBT Library

THE INFORMATION (Record no. 59677)

000 -LEADER
fixed length control field 00308nam a22001457a 4500
008 - FIXED-LENGTH DATA ELEMENTS--GENERAL INFORMATION
fixed length control field 230508b ||||| |||| 00| 0 eng d
020 ## - INTERNATIONAL STANDARD BOOK NUMBER
International Standard Book Number 9780375423727
041 ## - LANGUAGE CODE
Language code of text/sound track or separate title eng
080 ## - UNIVERSAL DECIMAL CLASSIFICATION NUMBER
Universal Decimal Classification number 94
082 ## - DEWEY DECIMAL CLASSIFICATION NUMBER
Classification number 94GLE
100 ## - Rafti
Rafti 28
101 ## - Shkurtesa
Shkurtesa HISTORI
245 ## - TITLE STATEMENT
Title THE INFORMATION
Statement of responsibility, etc GLEICK.J
942 ## - ADDED ENTRY ELEMENTS (KOHA)
Source of classification or shelving scheme
Item type Books
Holdings
Withdrawn status Lost status Source of classification or shelving scheme Damaged status Not for loan Collection code Permanent location Current location Date acquired Total Checkouts Full call number Barcode Date last seen Price effective from Koha item type
          Koleksioni i përgjithshem UBT - Lipjan UBT - Lipjan 05/08/2023   94GLE 002-800080135 05/08/2023 05/08/2023 Books
UBT Library © 2015-2024. All rights reserved University Education for Business and Technology